000 00689nam a2200217 i 4500
001 13813
003 ES-MaACL
005 20230906150652.0
007 t|
008 980708s1929 ag ||||1| spa d
080 _a821.134.2(82)-31"19"
100 1 _aArlt, Roberto.
_922899
245 1 4 _aLos siete locos
_b: novela /
_cRoberto Arlt.
260 _aBuenos Aires :
_bClaridad,
_c[s.a.]
300 _a220, [2] p. ;
_c18 cm.
490 1 _aColección Claridad. Cuentistas argentinos de hoy
500 _aEn cubierta: Premio Municipal de 1930.
830 0 _aColección Claridad. Cuentistas argentinos de hoy
_9228463
852 _aES-MaACL
_jL-21257
_bR.123112
999 _c13813
_d13813